00709nam a2200241 a 4500001001300000003000900013005001700022008004100039020001000080082001700090100001400107245006100121260003300182300000900215500003500224505003200259650001400291700001400305902000800319942000700327952011800334999001500452nice12345678IN_TiNIC20260116012941.0050524s0000 dela grp 000 0 eng  ac10000a297.82bIMA4 aImam, Ali aNahjul Balaghab Sermons, Letters and Saying of Imam Ali aDelhibDeni Book Depotc0000 a140p aincludes index and biblioraphy2 aAppendic140es, Bibliography aShiah-Ali1 aImam, Ali bSRS cBK 001040708StackRoom-aHMIbHMId2007-06-28g100.00l0o297.82 IMA4p014773r2007-06-28v100.00w2005-05-24yBK c9022d9022